| 000 | 00916cac a22002895a 4500 | ||
|---|---|---|---|
| 005 | 20150816124804.0 | ||
| 006 | a||||fr||||z00| 0 | ||
| 008 | 090127r2006 njua||||r|||| 001 0 eng d | ||
| 010 | _a2004063100 | ||
| 020 | _a013118931X | ||
| 020 | _a9780131189317 | ||
| 035 | _a(OCoLC)ocm57002643 | ||
| 040 |
_aEG-ScBUE _beng _cEG-ScBUE |
||
| 082 | 0 | 4 |
_a658.562 _bSUM _222 |
| 100 | 1 |
_aSummers, Donna C. S. _926201 |
|
| 245 | 1 | 0 |
_aQuality / _cDonna C.S. Summers. |
| 250 | _a4th ed. | ||
| 260 |
_aUpper Saddle River, New Jersey : _bPearson Prentice Hall, _c2006. |
||
| 300 |
_axii, 819 p. : _bill. ; _c24 cm. + _e1 CD-ROM (4 3/4 in.) |
||
| 500 | _aIndex : p. 808-819. | ||
| 504 | _aBibliography : p. 800-807. | ||
| 590 | _aDoha Ragab | ||
| 650 | 0 |
_aQuality assurance. _926202 _2BUEsh |
|
| 650 | 0 |
_aProcess control _xStatistical methods. _926203 _2BUEsh |
|
| 651 | _2BUEsh | ||
| 942 |
_cBB _k658.562 SUM _2ddc |
||
| 999 |
_c8428 _d8428 |
||